Latex technology: Papers presented at 131st meeting, Canada, 1987 (Record no. 40428)
[ view plain ]
| 000 -LEADER | |
|---|---|
| fixed length control field | 00329nam a2200109Ia 4500 |
| 082 ## - DEWEY DECIMAL CLASSIFICATION NUMBER | |
| Classification number | NR:62:678.061(063) |
| Item number | LAT |
| 245 #0 - TITLE STATEMENT | |
| Title | Latex technology: Papers presented at 131st meeting, Canada, 1987 |
| 260 ## - PUBLICATION, DISTRIBUTION, ETC. (IMPRINT) | |
| Place of publication | Ohio |
| Name of publisher | ACS |
| Year of publication | 1987 |
| 490 ## - SERIES STATEMENT | |
| Series statement | ACS Educational Symposium No.18 |
| 942 ## - ADDED ENTRY ELEMENTS (KOHA) | |
| Koha item type | Books |
| Withdrawn status | Lost status | Damaged status | Not for loan | Home library | Current library | Date acquired | Full call number | Accession Number | Koha item type |
|---|---|---|---|---|---|---|---|---|---|
| RRII Library | RRII Library | 16/12/2021 | NR:62:678.061(063) LAT | 20727 | Books |